Macroeconomics
Αποθηκεύτηκε σε:
| Κύριος συγγραφέας: | |
|---|---|
| Μορφή: | Βιβλίο |
| Γλώσσα: | English |
| Δημοσίευση: |
Chicago :
Dryden Press,
c1981
|
| Έκδοση: | 2nd ed. |
| Θέματα: | |
| Ετικέτες: |
Προσθήκη ετικέτας
Δεν υπάρχουν, Καταχωρήστε ετικέτα πρώτοι!
|
MARC
| LEADER | 00000cam a2200000 i 4500 | ||
|---|---|---|---|
| 001 | 1/31344 | ||
| 008 | 950808s1981 eng d | ||
| 020 | |a 0030502713 | ||
| 035 | |l 10023563 | ||
| 040 | |a GR-MY-UA |b gre |e aacr | ||
| 041 | 0 | |a eng | |
| 082 | 0 | |a 339 |2 (19) | |
| 100 | 1 | |a Poindexter, Julious Carl |d 1943- | |
| 245 | 1 | 0 | |a Macroeconomics / |c J.C. Poindexter |
| 250 | |a 2nd ed. | ||
| 260 | |a Chicago : |b Dryden Press, |c c1981 | ||
| 300 | |a xii, 525 p.; |b ill.; |c 25 cm | ||
| 504 | |a Includes bibliographies and index | ||
| 650 | 0 | 0 | |a Macroeconomics. |
| 852 | |a INST |b CHIOS |e 19950808 |h 339 POI |p 005200001227 |q 005200001227 |t BK |y 0 | ||
| 909 | |a Χ |b 013353 | ||